| 000 | 00817nac a22002291u 4500 | ||
|---|---|---|---|
| 010 | _a 2006287587 | ||
| 020 | _a9780123694072 (alk. paper) | ||
| 020 | _a0123694078 (alk. paper) | ||
| 082 |
_a621.36721 _bSCH |
||
| 090 |
_c5703 _d5703 |
||
| 100 | _aSchowengerdt, Robert A | ||
| 245 | 1 | 0 |
_aRemote sensing, models, and methods for image processing / _cRobert A. Schowengerdt. |
| 250 | _a3rd ed. | ||
| 260 |
_aBurlington, MA : _bAcademic Press,2007 _cc2007. |
||
| 300 |
_a515 p. : _bill. (some col.) ; _c25 cm. |
||
| 500 | _aDistributer:Baccah | ||
| 511 | _aCatalogued by: Mesameh | ||
| 650 | 0 | _aImage processing. | |
| 650 | 0 | _aRemote-sensing images. | |
| 856 | 4 | 2 |
_3Publisher description _uhttp://www.loc.gov/catdir/enhancements/fy0704/2006287587-d.html |
| 942 |
_cBB _k621.36721SCH |
||
| 999 |
_c5703 _d5703 |
||